[Event "Nuremberg LGA Cup"]
[Site "Nuremberg"]
[Date "2004.09.11"]
[Round "2"]
[White "Hirn, Oskar"]
[Black "Naegelein, Andreas"]
[Result "1/2-1/2"]
[WhiteElo "2202"]
[BlackElo "1966"]
[PlyCount "118"]
[EventDate "2004.09.10"]
[EventType "swiss"]
[EventRounds "5"]
[EventCountry "GER"]
[SourceTitle "CBM 102 Extra"]
[Source "ChessBase"]
[SourceDate "2004.11.03"]
[SourceVersion "1"]
[SourceVersionDate "2004.11.03"]
[SourceQuality "1"]

1. d4 g6 2. e4 Bg7 3. Nc3 d6 4. Be3 Nc6 5. Nge2 e5 6. h3 f5 7. exf5 Bxf5 8. d5 Nce7 9. g4 Bd7 10. Ng3 Nf6 11. Bg2 h5 12. g5 Nfg8 13. Qd3 Nf5 14. Nxf5 gxf5 15. f4 e4 16. Qd2 Ne7 17. Bd4 Bxd4 18. Qxd4 0-0 19. 0-0-0 Ng6 20. Rhf1 Rf7 21. Rf2 a6 22. Bf1 Be8 23. Be2 Rh7 24. Rg1 Nf8 25. Nd1 Bg6 26. Ne3 Qe8 27. h4 Qf7 28. Bf1 Nd7 29. Bh3 Rg7 30. Kb1 b6 31. Qc3 Rc8 32. Bf1 Nc5 33. Bh3 Qd7 34. Qd4 Rf8 35. Kc1 a5 36. Kd1 Qb5 37. Bf1 Qd7 38. Ke1 b5 39. Rd2 b4 40. Kf2 Be8 41. Kg3 Qc8 42. Be2 Qb7 43. Kh2 Qb6 44. Rg3 Na4 45. Qxb6 Nxb6 46. Nc4 Bb5 47. Rd4 Na4 48. Rb3 Rh7 49. a3 Nc5 50. Re3 Bxc4 51. Rxc4 Rb8 52. axb4 axb4 53. Rg3 Kg7 54. c3 bxc3 55. b4 Na4 56. Rgxc3 Rxb4 57. Rc6 Rb2 58. Ra6 Rxe2+ 59. Kg3 Kg6 1/2-1/2

[Event "Regionalliga NO 0304"]
[Site "Bayern"]
[Date "2003.10.12"]
[Round "1.8"]
[White "Belich, Walter"]
[Black "Naegelein, Andreas"]
[Result "1/2-1/2"]
[WhiteElo "1975"]
[BlackElo "1841"]
[PlyCount "121"]
[EventDate "2003.10.??"]
[EventType "team-tourn"]
[EventRounds "9"]
[EventCountry "GER"]
[SourceTitle "EXT 2006"]
[Source "ChessBase"]
[SourceDate "2005.11.24"]
[SourceVersion "1"]
[SourceVersionDate "2005.11.24"]
[SourceQuality "1"]
[WhiteTeam "Zirndorf II"]
[BlackTeam "Postbauer Heng"]
[WhiteTeamCountry "GER"]
[BlackTeamCountry "GER"]

1. c4 Nf6 2. Nc3 g6 3. g3 Bg7 4. Bg2 c6 5. e4 d6 6. Nge2 e5 7. d4 0-0 8. 0-0 Qe7 9. Rb1 a5 10. b3 Na6 11. Re1 Rd8 12. Bb2 Rb8 13. Qd2 b5 14. cxb5 cxb5 15. Nd5 Nxd5 16. exd5 b4 17. dxe5 dxe5 18. Rbc1 Qd6 19. Qe3 Bb7 20. Red1 f6 21. h4 Bf8 22. h5 Nc7 23. hxg6 hxg6 24. Rd3 Ba6 25. Rd2 Bb7 26. Rd3 Kh7 27. Rcd1 Ba6 28. R3d2 Rb5 29. g4 Bh6 30. Qh3 Kg7 31. Rc2 Bb7 32. Ng3 Nxd5 33. Ne4 Qe7 34. Qd3 Ba6 35. Bc1 Bxc1 36. Rcxc1 Rb6 37. Qd2 Nc3 38. Qxd8 Qxd8 39. Rxd8 Ne2+ 40. Kh2 Nxc1 41. Rd7+ Kh6 42. Nd6 Bb5 43. Nxb5 Rxb5 44. Rd2 Rc5 45. Be4 Kg5 46. Kg2 f5 47. gxf5 gxf5 48. Bb1 Kf4 49. Bc2 e4 50. Kf1 Nxa2 51. Bxe4 fxe4 52. Rxa2 Kf3 53. Ke1 e3 54. fxe3 Kxe3 55. Kd1 Rf5 56. Rh2 Kd3 57. Rh3+ Kd4 58. Ke2 Rg5 59. Rd3+ Ke4 60. Re3+ Kd4 61. Rd3+ 1/2-1/2